Top 50 goal scorers in champions league - Statistics

General Stats
  • This quiz has been taken 109 times
  • The average score is 31 of 50
Answer Stats
Nationality Goals Player % Correct
Portugal 140 Cristiano Ronaldo
100%
Argentina 129 Lionel Messi
100%
Poland 94 Robert Lewandowski
97%
Egypt 44 Mohamed Salah
93%
France 46 Kylian Mbappé
92%
France 90 Karim Benzema
91%
Sweden 48 Zlatan Ibrahimovic
91%
Germany 34 Gerd Muller
90%
Germany 54 Thomas Muller
90%
Ivory Coast 44 Didier Drogba
88%
Norway 41 Erling Haaland
88%
Uruguay 27 Luis Suarez
88%
France 50 Thierry Henry
86%
Spain 71 Raul
85%
Brazil 43 Neymar
84%
Ukraine 48 Andriy Shevchenko
83%
Cameroon 30 Samuel Eto'o
79%
Bosnia-Herzegovina 29 Edin Dzeko
76%
Netherlands 56 Ruud Van Nistelrooy
76%
Senegal 27 Sadio Mané
76%
Uruguay 35 Edinson Cavani
72%
Hungary 36 Ferenc Puskas
72%
England 30 Wayne Rooney
72%
England 28 Harry Kane
71%
Netherlands 25 Robin Van Persie
67%
Netherlands 31 Arjen Robben
66%
Argentina 41 Sergio Aguero
66%
Italy 42 Alessandro Del Piero
64%
Portugal 46 Eusebio
64%
Italy 46 Filippo Inzaghi
59%
France 36 Antoine Griezmann
57%
Wales 28 Ryan Giggs
57%
Brazil 27 Rivaldo
56%
Spain 49 Alfredo Di Stefano
52%
Argentina 24 Gonzalo Higuain
51%
Portugal 24 Luis Figo
51%
Brazil 30 Kakà
49%
Spain 28 Alvaro Morata
38%
France 29 David Trezeguet
38%
Argentina 25 Hernan Crespo
35%
Germany 26 Mario Gomez
34%
Spain 33 Fernando Morientes
31%
England 27 Raheem Sterling
30%
Netherlands 29 Patrick Kluivert
26%
Spain 30 Paco Gento
24%
Germany 24 Marco Reus
21%
Netherlands 29 Roy Makaay
20%
France 28 Jean-Pierre Papin
19%
Brazil 24 Giovane Elber
13%
Brazil 25 Jardel
12%
No matching quizzes found
Score Distribution
Percent of People with Each Score
Percentile by Number Answered
Your Score History
You have not taken this quiz